000
00249nam a22001097a 4500
008
170120b xxu||||| |||| 00| 0 eng d
020
_a
9781594608414
041
_a
eng
080
_a
618.2
245
_a
LEARNING TO LEARN
_c
NEELON, F.A
942
_2
udc
_c
BK
999
_c
3204
_d
3204